Sport par lettres - H - Statistiques

Statistiques générales
  • Ce quiz a été pris 124 fois
  • Le résultat moyen est 13 sur 20
Statistiques - réponses
Hint Réponse % Correct
Quand elles apparaissent sur la piste, le 100m passe à 110m Haies
97%
Danse rituelle qu'on peut notamment observer avant les rencontres contre des équipes néo-zélandaises Haka
97%
Si vous l'êtes, l'arbitre de touche lèvera son drapeau Hors-jeu
90%
On y joue principalement sur gazon ou sur glace Hockey
87%
Adepte de sport qui utilise la violence contre les supporters adverses Hooligan
85%
Sport qui tire son nom de l'objet précédent Haltérophilie
78%
Ville qui accueille les JO de 1952 Helsinki
77%
Barre, généralement métallique, supportant deux poids fixes ou des disques amovibles Haltère
73%
Équivalent du décathlon dans l'athlétisme féminin Heptathlon
72%
Deuxième du ballon d'or 2023 Erling Haaland
67%
Acronyme du plus ancien club de football français HAC
66%
Aux Etats-Unis, l'intronisation à celui-ci honore les plus grands joueurs, entraineurs, arbitres... Il existe pour différents sports Hall of fame
64%
Au baseball, c'est un coup sûr qui permet au frappeur de passer par toutes les bases, sans erreur de la défense adverse Home run
64%
Le prix de l'Arc de triomphe se déroule à celui de Lonchamp Hippodrome
59%
Pratique de descente à ski sur des pentes enneigées et nom damées Hors-piste
56%
Equipe de basket qui se produit à travers le monde au cours de matchs d'exhibition qui se veulent aussi amusants qu'athlétiques. Harlem globetrotters
47%
Département du col de Joux Plane et du col des Aravis Haute-Savoie
44%
Blaireau aux 216 victoires Bernard Hinault
43%
Dispositif de sécurité qui protège la tête du pilote dans une monoplace Halo
42%
Coéquipier de Nicolas Mahut Pierre-Hugues Herbert
42%
Aucun quiz correspondant
Distribution des résultats
% des personnes avec chaque résultat
Percentile par nombre de réponses
Votre historique - résultats
Vous n’avez pas pris ce quiz